Poemas / (Record no. 141619)

MARC details
000 -LEADER
campo de control de longitud fija 00724nam a2200229 i 4500
001 - NÚMERO DE CONTROL
campo de control 141619
003 - IDENTIFICADOR DE NÚMERO DE CONTROL
campo de control ES-MaACL
005 - FECHA Y HORA DE LA ÚLTIMA TRANSACCIÓN
campo de control 20260701143608.0
007 - CAMPO FIJO DE DESCRIPCIÓN FÍSICA--INFORMACIÓN GENERAL
campo de control de longitud fija t|
008 - DATOS DE LONGITUD FIJA--INFORMACIÓN GENERAL
campo de control de longitud fija 070926s1977 sp |||| |dspa d
020 ## - NÚMERO INTERNACIONAL ESTÁNDAR DEL LIBRO
Número Internacional Estándar del Libro 84-01-81029-9
080 ## - NÚMERO DE LA CLASIFICACIÓN DECIMAL UNIVERSAL
Número de la Clasificación Decimal Universal 821.133.1-14"14"
100 0# - ENTRADA PRINCIPAL--NOMBRE DE PERSONA
Nombre de persona Villon, François,
Fechas asociadas al nombre 1431-ca. 1463
9 (RLIN) 115268
245 10 - MENCIÓN DEL TÍTULO
Título Poemas /
Mención de responsabilidad, etc. François Villon ; versión de Mercedes Lloret.
260 ## - PUBLICACIÓN, DISTRIBUCIÓN, ETC.
Lugar de publicación, distribución, etc. [Barcelona] :
Nombre del editor, distribuidor, etc. Plaza & Janés,
Fecha de publicación, distribución, etc. [1977]
300 ## - DESCRIPCIÓN FÍSICA
Extensión 224 p. ;
Dimensiones 19 cm.
546 ## - NOTA DE IDIOMA
Nota de lengua/lenguaje Texto bilingüe; en francés y español.
700 1# - ENTRADA AGREGADA--NOMBRE PERSONAL
Nombre de persona Lloret Compte, Mercedes.
9 (RLIN) 72922
852 ## - LOCALIZACIÓN
Ubicación ES-MaACL
Número de control de estantería A-6597
852 ## - LOCALIZACIÓN
Ubicación ES-MaACL
Número de control de estantería L-30730
Nota libre - enc. cart.
-- . - Donat. Miguel A. Velasco
Holdings
Estatus retirado Estado de pérdida Estado de daño No para préstamo Biblioteca de origen Biblioteca actual Ubicación en estantería Fecha de adquisición Fuente de adquisición Total de préstamos Signatura topográfica completa Código de barras Visto por última vez Precio de reemplazo Tipo de ítem Koha
        Biblioteca del Ateneo de Madrid Biblioteca del Ateneo de Madrid Depósito 2 31/10/2016     L-30730 1196520 23/02/2023 23/02/2023 Libro impreso
        Biblioteca del Ateneo de Madrid Biblioteca del Ateneo de Madrid Sala Pecera Planta 1 17/01/2008     A-6597 1147357 23/02/2023 23/02/2023 Libro impreso